000 00910cam a2200241 i 4500
001 1594
005 20230908143634.0
020 _a9780545686594
040 _aDLC
_beng
_cDLC
_erda
_dDLC
050 0 0 _aPZ7.B2357
082 0 0 _a813.6
_223
100 1 _aBarclay, Eric
_eauthor,
_eillustrator
245 1 0 _aI can see just fine /
_cEric Barclay.
300 _a29 unnumbered pages :
_bcolor illustrations ;
_c23 cm
505 _aM
520 _a"Though Paige claims, 'I can see just fine,' her parents grow concerned and decide it's time for Paige to visit the eye doctor. Paige remains defiant until she finds the perfect frames and more importantly, perfect eyesight"--
_cProvided by publisher.
521 _a530
_bLexile AD
521 _aM
_bRaz-Plus
650 1 _aEyeglasses
_vFiction.
650 1 _aVision
_vFiction.
906 _a7
_bcbc
_corignew
_d1
_eecip
_f20
_gy-gencatlg
942 _2ddc
_cBK
_n0
999 _c1594
_d1594